LIBRARY & INFORMATION CENTRE, KCAET, TAVANUR

ONLINE PUBLIC ACCESS CATALOGUE (OPAC)

Orupidicharam / (Record no. 12354)

MARC details
000 -LEADER
fixed length control field 00343cam a2200133ua 4500
041 ## - LANGUAGE CODE
Language code of text/sound track or separate title mal
082 ## - DEWEY DECIMAL CLASSIFICATION NUMBER
Classification number 894.812301
Item number SHR/OR
100 ## - MAIN ENTRY--AUTHOR NAME
Personal name Shrerejannan, Kilimannor .
245 ## - TITLE STATEMENT
Title Orupidicharam /
260 ## - PUBLICATION, DISTRIBUTION, ETC. (IMPRINT)
Place of publication Thrissur :
Name of publisher Current Books ,
Year of publication 1958.
300 ## - PHYSICAL DESCRIPTION
Number of Pages 85 ; .

No items available.

free website counter